logo

Bir Sreshtho Munshi Abdur Rouf Library
Jhenaidah Cadet College

The remains of the day / (Record no. 10702)

MARC details
000 -LEADER
fixed length control field 00693nam a2200241 a 4500
001 - CONTROL NUMBER
JCCL Control Number 10702
003 - CONTROL NUMBER IDENTIFIER
JCCL marc code BD-JhCC
005 - DATE AND TIME OF LATEST TRANSACTION
control field 20221128134022.0
008 - FIXED-LENGTH DATA ELEMENTS--GENERAL INFORMATION
fixed length control field 180809r20051989enk 000 1 eng d
020 ## - INTERNATIONAL STANDARD BOOK NUMBER
International Standard Book Number 9780571258246
035 ## - SYSTEM CONTROL NUMBER
system control number (BD-JhCC)10702
040 ## - CATALOGING SOURCE
Original cataloging agency UkOxU
Description conventions rda
Transcribing agency UkOxU
Modifying agency BD-JhCC
041 ## - LANGUAGE CODE
Language code of Book eng
082 ## - DEWEY DECIMAL CLASSIFICATION NUMBER
Classification number 823.914
Author mark and Year ISH 2005
100 1# - MAIN ENTRY--PERSONAL NAME
Personal name Ishiguro, Kazuo,
Dates associated with a name 1954-
245 14 - TITLE STATEMENT
Title The remains of the day /
Statement of responsibility, etc Kazuo Ishiguro.
300 ## - PHYSICAL DESCRIPTION
Pagination 258 pages ;
Dimensions 20 cm
500 ## - GENERAL NOTE
General note Originally published: 1989.
500 ## - GENERAL NOTE
General note Formerly CIP.
Institution to which field applies Uk
650 #0 - SUBJECT ADDED ENTRY--TOPICAL TERM
Topical term or geographic name as entry element Social classes
Geographic subdivision England
General subdivision History
Chronological subdivision 20th century
Form subdivision Fiction.
650 #0 - SUBJECT ADDED ENTRY--TOPICAL TERM
Topical term or geographic name as entry element Butlers
Geographic subdivision England
Form subdivision Fiction.
942 ## - ADDED ENTRY ELEMENTS (KOHA)
Source of classification or shelving scheme Dewey Decimal Classification
Koha item type Books
Koha issues (borrowed), all copies 12
Holdings
Source of classification or shelving scheme Damaged status Not for loan Home library Current library Shelving location Date of accession Cost, normal purchase price Total Checkouts Full call number Barcode Date last seen Date checked out Copy number Koha item type
Dewey Decimal Classification     JCC Rouf Library JCC Rouf Library General Stacks 08/09/2018 599.00 15 823.914 ISH 2005 14423 11/11/2025 11/04/2025 C-1 Books
Dewey Decimal Classification     JCC Rouf Library JCC Rouf Library General Stacks 08/09/2018 599.00 12 823.914 ISH 2005 14424 01/25/2026 01/18/2026 C-2 Books

JCC Library | Contacts | JCC Home

Last Update on 23 September 2017
Copyright @ 2017-2020 JCC Rouf Library
Rouf Library, Jhenidah Cadet College (JCC), Bangladesh